000
00307nam a2200121Ia 4500
005
20251222141914.0
008
251222s9999||||xx |||||||||||||| ||spa||
082
_a
362.292.86/B81
100
_a
Bravo Abad, Francisco
245
0
_a
Consumo Moderado de Bebidas Alcohólicas:
264
_b
Inesiba
942
_c
LIB
999
_c
8480
_d
8480